| 000 | 00497nam a2200193Ia 4500 | ||
|---|---|---|---|
| 005 | 20251020182550.0 | ||
| 008 | 200515s9999 xx 000 0 und d | ||
| 082 | _aR/058:308/C43/2000 | ||
| 110 | _aIndustrial Development Center. Cdi | ||
| 245 | 0 | _aMateriales, productos y acabados para la construcción : 2000 | |
| 260 | _aLima | ||
| 260 | _c2000 | ||
| 300 | _a125 | ||
| 650 | _aACABADOS | ||
| 650 | _aDIRECTORIOS | ||
| 650 | _aLIB | ||
| 650 | _aMATERIALES DE CONSTRUCCION | ||
| 942 | _cLIB | ||
| 999 |
_c2704 _d2704 |
||